Counties that Start with C - Statistics

General Stats
  • This quiz has been taken 140 times
    128 since last reset
  • The average score is 175 of 369
Answer Stats
County State % Correct
Charles Maryland
85%
Carter Kentucky | Missouri | Montana | +2 others
81%
Chester Pennsylvania | South Carolina | Tennessee
81%
Clay Alabama | Arkansas | Florida | +15 others
81%
Columbia Arkansas | Florida | Georgia | +5 others
81%
Carroll Arkansas | Georgia | Illinois | +10 others
77%
Coal Oklahoma
77%
Columbus North Carolina
77%
Cass Illinois | Indiana | Iowa | +6 others
73%
Clark Arkansas | Idaho | Illinois | +9 others
73%
Carson Texas
69%
Clinton Illinois | Indiana | Iowa | +6 others
69%
Cook Georgia | Illinois | Minnesota
69%
Charleston South Carolina
65%
Cherokee Alabama | Georgia | Iowa | +5 others
65%
Cole Missouri
65%
Custer Colorado | Idaho | Montana | +3 others
65%
Creek Oklahoma
62%
Cuyahoga Ohio
62%
Camp Texas
58%
Centre Pennsylvania
58%
Clayton Georgia | Iowa
58%
Colorado Texas
58%
Coos New Hampshire | Oregon
58%
Craig Oklahoma | Virginia
58%
Cameron Louisiana | Pennsylvania | Texas
54%
Campbell Kentucky | South Dakota | Tennessee | +2 others
54%
Cedar Iowa | Missouri | Nebraska
54%
Christian Illinois | Kentucky | Missouri
54%
Cleveland Arkansas | North Carolina | Oklahoma
54%
Collin Texas
54%
Crawford Arkansas | Georgia | Illinois | +8 others
54%
Cumberland Illinois | Kentucky | Maine | +5 others
54%
Camden Georgia | Missouri | New Jersey | North Carolina
50%
Chambers Alabama | Texas
50%
Charlotte Florida | Virginia
50%
Choctaw Alabama | Mississippi | Oklahoma
50%
Clare Michigan
50%
Cobb Georgia
50%
Coffee Alabama | Georgia | Tennessee
50%
Cooper Missouri
50%
Curry New Mexico | Oregon
50%
Caldwell Kentucky | Louisiana | Missouri | +2 others
46%
Calhoun Alabama | Arkansas | Florida | +8 others
46%
Carlton Minnesota
46%
Chesterfield South Carolina | Virginia
46%
Cocke Tennessee
46%
Contra Costa California
46%
Crook Oregon | Wyoming
46%
Calvert Maryland
42%
Carbon Montana | Pennsylvania | Utah | Wyoming
42%
Caroline Maryland | Virginia
42%
Carver Minnesota
42%
Chase Kansas | Nebraska
42%
Cheshire New Hampshire
42%
Clearwater Idaho | Minnesota
42%
Columbiana Ohio
42%
Cortland New York
42%
Cotton Oklahoma
42%
Culberson Texas
42%
Calaveras California
38%
Cannon Tennessee
38%
Carson City Nevada
38%
Cascade Montana
38%
Cecil Maryland
38%
Chatham Georgia | North Carolina
38%
Chemung New York
38%
Cheyenne Colorado | Kansas | Nebraska
38%
Chickasaw Iowa | Mississippi
38%
Chippewa Michigan | Minnesota | Wisconsin
38%
Clarke Alabama | Georgia | Iowa | +2 others
38%
Cochise Arizona
38%
Coleman Texas
38%
Colusa California
38%
Covington Alabama | Mississippi | Virginia
38%
Craighead Arkansas
38%
Crenshaw Alabama
38%
Crittenden Arkansas | Kentucky
38%
Crowley Colorado
38%
Cullman Alabama
38%
Cambria Pennsylvania
35%
Castro Texas
35%
Cayuga New York
35%
Champaign Illinois | Ohio
35%
Cherry Nebraska
35%
Chilton Alabama
35%
Chittenden Vermont
35%
Churchill Nevada
35%
Claiborne Louisiana | Mississippi | Tennessee
35%
Clarion Pennsylvania
35%
Clear Creek Colorado
35%
Clearfield Pennsylvania
35%
Coke Texas
35%
Conway Arkansas
35%
Cooke Texas
35%
Caddo Louisiana | Oklahoma
31%
Callahan Texas
31%
Calloway Kentucky
31%
Canyon Idaho
31%
Carteret North Carolina
31%
Casey Kentucky
31%
Catawba North Carolina
31%
Catron New Mexico
31%
Cerro Gordo Iowa
31%
Charlevoix Michigan
31%
Charlottesville Virginia
31%
Chattahoochee Georgia
31%
Chaves New Mexico
31%
Cheatham Tennessee
31%
Cheboygan Michigan
31%
Chenango New York
31%
Chesapeake Virginia
31%
Chouteau Montana
31%
Clackamas Oregon
31%
Clatsop Oregon
31%
Comanche Kansas | Oklahoma | Texas
31%
Coosa Alabama
31%
Copiah Mississippi
31%
Corson South Dakota
31%
Crane Texas
31%
Cross Arkansas
31%
Crow Wing Minnesota
31%
Cabell West Virginia
27%
Calcasieu Louisiana
27%
Calumet Wisconsin
27%
Camas Idaho
27%
Cape Girardeau Missouri
27%
Cape May New Jersey
27%
Carlisle Kentucky
27%
Cassia Idaho
27%
Catahoula Louisiana
27%
Catoosa Georgia
27%
Cattaraugus New York
27%
Cavalier North Dakota
27%
Charlton Georgia
27%
Chattooga Georgia
27%
Chautauqua Kansas | New York
27%
Chelan Washington
27%
Chowan North Carolina
27%
Citrus Florida
27%
Clinch Georgia
27%
Cloud Kansas
27%
Coahoma Mississippi
27%
Coconino Arizona
27%
Coffey Kansas
27%
Coles Illinois
27%
Colfax Nebraska | New Mexico
27%
Colleton South Carolina
27%
Collier Florida
27%
Comal Texas
27%
Concordia Louisiana
27%
Coryell Texas
27%
Craven North Carolina
27%
Crockett Tennessee | Texas
27%
Currituck North Carolina
27%
Cabarrus North Carolina
23%
Cache Utah
23%
Callaway Missouri
23%
Canadian Oklahoma
23%
Caswell North Carolina
23%
Chaffee Colorado
23%
Chariton Missouri
23%
Charles Mix South Dakota
23%
Cibola New Mexico
23%
Clarendon South Carolina
23%
Cleburne Alabama | Arkansas
23%
Clermont Ohio
23%
Cochran Texas
23%
Colbert Alabama
23%
Collingsworth Texas
23%
Colquitt Georgia
23%
Conejos Colorado
23%
Copper River Alaska
23%
Coshocton Ohio
23%
Costilla Colorado
23%
Cottle Texas
23%
Coweta Georgia
23%
Cowlitz Washington
23%
Cuming Nebraska
23%
Caledonia Vermont
19%
Candler Georgia
19%
Chisago Minnesota
19%
Chugach Alaska
19%
Cimarron Oklahoma
19%
Clallam Washington
19%
Codington South Dakota
19%
Colonial Heights Virginia
19%
Converse Wyoming
19%
Cowley Kansas
19%
Crisp Georgia
19%
Crosby Texas
19%
Caribou Idaho
15%
Charles City Virginia
15%
Chicot Arkansas
15%
Childress Texas
15%
Concho Texas
15%
Conecuh Alabama
15%
Cottonwood Minnesota
15%
Culpeper Virginia
15%
No matching quizzes found
Score Distribution
Percent of People with Each Score
Percentile by Number Answered
Your Score History
You have not taken this quiz since the last reset